عرض عادي
عرض مارك
- النجاح
مدخل مصطلح موضوعي
001 - رقم الضبط
- حقل الضبط: 23
003 - معرف رقم الضبط
- حقل الضبط: OSt
005 - تاريخ ووقت أخر عملية
- حقل الضبط: 20110530034217.0
008 - عناصر بيانات ثابتة الطول
- حقل تحكم ثابت الطول: 110530|||a|||||| | ||| d
040 ## - مصدر الفهرسة
- هيئة الفهرسة الأصلية: OSt
- وكالة الكتابة: OSt
150 ## - مدخل-- مصطلح تاريخي
- عنصر مدخل المصطلح الموضوعي او الاسم الجغرافي: النجاح
- تفريع عام: جوانب نفسية
670 ## - بيانات المصدر موجوده
- الاستشهاد بالمصدر: Work cat.: (OSt)8263: مارتن، كارلي 22, مفاتيح النجاح :, 2010
